000 00290nam a22001337a 4500
008 170519b xxu||||| |||| 00| 0 eng d
020 _a9780075571988
041 _aeng
080 _a94
100 _a16
101 _aSHH
245 _aNATION OF NATIONS
_cDAVIDSON, J.W
942 _2udc
_cBK
999 _c13544
_d13544